| 000 | 00752nam a2200229 i 4500 | ||
|---|---|---|---|
| 001 | 141220 | ||
| 003 | ES-MaACL | ||
| 005 | 20251002202458.0 | ||
| 007 | t| | ||
| 008 | 070920s1973 sp a |||| |bspa d | ||
| 020 | _a84-400-6574-4 | ||
| 080 | _a75 Grosso, Alfonso | ||
| 080 | _a929 Grosso, Alfonso | ||
| 100 | 1 |
_aVillar Angulo, Luis M. _9115082 |
|
| 245 | 1 | 0 |
_aVida y obra de Alfonso Grosso / _cLuis M. Villar Angulo ; prólogo de José Hernández Díaz. |
| 260 |
_aSevilla : _b[s.n.], _c1973 ( _fTall. El Adalid Seráfico) |
||
| 300 |
_a224 p. : _bil. ; _c22 cm. |
||
| 600 | 1 | 4 |
_aGrosso, Alfonso, _d1928-1995 _960189 |
| 700 | 1 |
_aHernández Díaz, José, _d1906-1998 _962929 |
|
| 852 |
_aES-MaACL _jC-55223 |
||
| 999 |
_c141220 _d141220 |
||